00447nam a2200181 a 4500001001300000003000900013005001700022008004100039020001000080082001800090100001800108245003200126260003700158300000800195500003500203650000900238700001800247nice12345678IN_TiNIC20260116014320.0070626s0000 bana grd 000 0 eng  ac25000a362.1969bKUM aKumar, B Ajit aEk Alag Mausam (part1) (CD) aBangalore bVisual Search c0000 a00p aincludes index and biblioraphy aAids1 aKumar, B Ajit